Kluby piłkarskie z 50 największych miast w Polsce - Statystyki

Ogólne statystyki
  • Ten quiz został rozwiązany 69 razy
    24 od ostatniego zresetowania
  • Średni wynik to 35 z 47
Statystyki odpowiedzi
Klub Miasto Szczebel rozgrywkowy % Poprawnych
Legia Warszawa Ekstraklasa
100%
Arka Gdynia Ekstraklasa
95%
Cracovia Kraków Ekstraklasa
95%
GKS Katowice Ekstraklasa
95%
Górnik Zabrze Ekstraklasa
95%
Jagiellonia Białystok Ekstraklasa
95%
Korona Kielce Ekstraklasa
95%
Lech Poznań Ekstraklasa
95%
Lechia Gdańsk Ekstraklasa
95%
Motor Lublin Ekstraklasa
95%
Piast Gliwice Ekstraklasa
95%
Pogoń Szczecin Ekstraklasa
95%
Radomiak Radom Ekstraklasa
95%
Raków Częstochowa Ekstraklasa
95%
Śląsk Wrocław I liga
95%
Widzew Łódź Ekstraklasa
95%
Wisła Płock Ekstraklasa
95%
GKS Tychy I liga
90%
Odra Opole I liga
90%
Polonia Bytom I liga
90%
Zagłębie Sosnowiec II liga
90%
Elana Toruń III liga
85%
Miedź Legnica I liga
85%
Podbeskidzie, Rekord Bielsko-Biała II liga
85%
Ruch Chorzów I liga
85%
Stal Rzeszów I liga
85%
Stomil Olsztyn IV liga
85%
Zawisza Bydgoszcz III liga
85%
KKS Kalisz II liga
80%
Olimpia Elbląg III liga
80%
Pogoń Siedlce I liga
80%
Górnik Wałbrzych IV liga
70%
Gwardia Koszalin IV liga
70%
Olimpia Grudziądz II liga
70%
ROW 1964 Rybnik IV liga
70%
Sandecja Nowy Sącz II liga
70%
Unia Tarnów IV liga
60%
Gryf Słupsk IV liga
55%
Lechia Zielona Góra III liga
55%
Górnik Konin IV liga
45%
Karkonosze Jelenia Góra III liga
35%
Szczakowianka Jaworzno V liga
30%
Włocłavia Włocławek Klasa A
20%
Warta Gorzów Wielkopolski III liga
15%
Slavia Ruda Śląska Klasa okręgowa
5%
Zagłębie Dąbrowa Górnicza Klasa A
5%
Polonia Piotrków Trybunalski IV liga
0%
Nie znaleziono quizów pasujących do podanych kryteriów
Rozkład punktacji
Procent ludzi z każdym wynikiem
Percentyl według liczby udzielonych odpowiedzi
Twoja historia wyników
Nie rozwiązałeś tego quizu od ostatniego zresetowania